Journal of CENTRUM cathedra

Detalles Bibliográficos
Formato: Electrónico Seriadas
Publicado: [S.l.] : Pontificia Universidad Catolica del Peru - Business Center
Materias:
Acceso en línea:Full text available from PRISMA Database with HAPI Index: 03/01/2010 to 01/31/2015

MARC

LEADER 00000nas a22000003u 4500
001 ssj0000498745
003 WaSeSS
005 20200512172242.0
006 m d
007 cr n
008 200512uuuuuuuuu||||| |ss|||||| ||||||d
022 |a 1851-6599 
035 |a (WaSeSS)ssj0000498745 
040 |a WaSeSS  |c WaSeSS  |d WaSeSS 
245 0 0 |a Journal of CENTRUM cathedra  |h [electronic resource]. 
260 |a [S.l.] :  |b Pontificia Universidad Catolica del Peru - Business Center 
500 |a Title from content provider. 
506 |a License restrictions may limit access. 
655 0 |a Electronic journals. 
856 4 0 |z Full text available from PRISMA Database with HAPI Index: 03/01/2010 to 01/31/2015  |u https://search.proquest.com/publication/366365